000 00570nam a2200217Ia 4500
003 OSt
005 20220924134350.0
006 a|||||r|||| 00| 0
007 ta
008 220923b |||||||| |||| 00| 0 snd d
024 _a273797
037 _cTextual
040 _aARTS
_cARTS
_bsnd
041 _2snd
_asnd
082 _aO28,3N83x, 1593L3
100 _aKahlil Gibran
_9208447
245 0 _aVidrohi Aatmaaoon tr by Kimat Harisinghani
260 _c1973
942 _hO28,3N83x, 1593L3
_cTEXL
_2CC
999 _c437241
_d437241